Регионална библиотека "Любен Каравелов" - Русе

Бай Ганьо тръгва по Европа [видео DVD] (Запис номер 220348)

MARC детайли
000 -Лидер
Контролно поле с фиксирана дължина 01944ngm a2200385 a 4500
003 - Код на организацията, давaща контролен номер
Контролно поле BLK
005 - Дата и час на последна редакция
Контролно поле 20240704005341.0
008 - Елементи от данни с фиксирана дължина
fixed length control field 180410b bul||n||s|||||||| n|bulo|
010 ## - Наследен системен номер
LC control number CDD00002809000
040 ## - Източник на каталожния запис
Идентификатор на билиотеката - собственик на записа BLK
041 ## - Код за език
Код за езика на текст/звукозапис или на отделно заглавие Български
Код за езика КДБФ Български
080 ## - УДК
Текстов определител УДК Комедии
УДК код - определител по УДК 791.221.2
УДК определител (497.2)(086.8)
УДК - код + определител 791.221.2(497.2)(086.8)
139 ## - Редно поле
Редна дума Бай Ганьо тръгва по Европа [видео DVD]
Авторски знак Баи - Б 14
245 10 - Сведения за заглавието
Заглавие Бай Ганьо тръгва по Европа [видео DVD]
Подзаглавни данни DVD 1 -
Редно поле (дума) по Алеко Иваницов Константинов; сценарист Стефан Стефанов; режисьор Иван Ничев; оператор Иван Велчев; музика Божидар Петков; в ролите Георги Калоянчев.
Том DVD 2. Епизод 1, 2
Заглавие на том Бай Ганьо у Иречека
257 ## - Страна на издаване
Страна на създаване/издаване България
260 ## - Област на издателските данни
Място на издаване, разпространение и проч. София
Име на издателя, разпространителя и проч. в. Стандарт
Година на издаване 2007
300 ## - Физическа характеристика
Размери/Мащаб 12 см
Страници 55 мин.
380 ## - Жанр
Жанр Изкуство
500 ## - Общи забележки
Забележка Дигитално изд. - Изт. : Загл. екран ; Етикет ; Обложка. - Системни изисквания : DVD устройство ; Windows Media Player. - Формат на картина 4:3 PAL.
590 ## - Забележки на библиотеката, притежаваща документа (RLIN)
Служебно S.N: 80263 от КНИГИ
700 1# - Други автори (авторска отговорност)
Лично име Стефанов, Стефан
Автороска отговорност (Описва отношението между автора и произведението) сценарист
9 (RLIN) 364632
700 1# - Други автори (авторска отговорност)
Лично име Ничев, Иван
Автороска отговорност (Описва отношението между автора и произведението) режисьор
9 (RLIN) 354440
700 1# - Други автори (авторска отговорност)
Лично име Велчев, Иван
Автороска отговорност (Описва отношението между автора и произведението) оператор
9 (RLIN) 381548
700 1# - Други автори (авторска отговорност)
Лично име Петков, Божидар
Автороска отговорност (Описва отношението между автора и произведението) музика
9 (RLIN) 354397
700 1# - Други автори (авторска отговорност)
Лично име Калоянчев, Георги
Автороска отговорност (Описва отношението между автора и произведението) в ролите
9 (RLIN) 387761
760 1# - Описание на основната серия
Място на издаване, издател и година 2007
Заглавие DVD 2. Епизод 1, 2 Бай Ганьо у Иречека
852 ## - Местоположение
Форматна сигнатура Цб CD 1571
Част 0
856 4# - Електронен адрес и достъп
Електронен формат pdf - файл
Път до файла /url/
856 4# - Електронен адрес и достъп
Електронен формат pdf - файл
Път до файла /url/
942 ## - АРТИКУЛИ
Вид на библиотечния материал Компактдискове
Скрит в OPAC Не
Периодичен библиозапис Не
944 ## - СЪЗДАВАНЕ И РЕДАКЦИЯ на ЗАПИСА
Създаване/Редакция Създаване
Дата на регистрацията/редакция 27.12.2007
Служител, извършил регистрацията/редакцията
Статус, дата на статуса CRON CRON
944 ## - СЪЗДАВАНЕ И РЕДАКЦИЯ на ЗАПИСА
Създаване/Редакция Редакция
Дата на регистрацията/редакция 27.08.2009
999 ## - СИСТЕМНИ КОНТРОЛНИ НОМЕРА
Koha biblionumber 220348
Koha biblioitemnumber 220348
999 ## - СИСТЕМНИ КОНТРОЛНИ НОМЕРА
Koha biblioitemnumber 220348
999 ## - СИСТЕМНИ КОНТРОЛНИ НОМЕРА
Koha biblioitemnumber 220348
Наличности
Код за отписване Код за изгубен артикул Източник на класификационната схема Код за повреда Коз за рестрикции Код за отдаване Артикулен № Име на библиотеката - собственик Име на библиотеката, в която се намира в момента Статус (Текущо местоположение) Дата на вписване в системата Местоположение - отдел Цена в лева Инвентарен номер Систематично азбучна сигнатура Баркод Номер на екземпляра Цена в евро Служебна бележка Служебен тип на артикула
  Не е изгубен Universal Decimal Classification Не е повреден без рестрикции заемане за дома 392055 Регионална библиотека "Любен Каравелов" Русе Регионална библиотека "Любен Каравелов" Русе Отдел Изкуство - подръчен фонд 2007-12-20 Отдел Изкуство - подръчен фонд 3.50 250000002778 791.221.2/Б 14 250000002778 1 1.79 Дост: Pk Вид: Ф N: 80 Дата: 04.12.2007 Компактдискове
  Не е изгубен   Не е повреден без рестрикции ползва се в читалня 392056 Регионална библиотека "Любен Каравелов" Русе Регионална библиотека "Любен Каравелов" Русе Хранилище 2008-03-12 Хранилище 0.00 250000003005 Цб CD 1571 250000003005 2 0.00 Дост: Dp Вид: Д N: 2 Дата: 05.12.2007 Компактдискове
  Не е изгубен Universal Decimal Classification Не е повреден без рестрикции заемане за дома 392057 Регионална библиотека "Любен Каравелов" Русе Регионална библиотека "Любен Каравелов" Русе Отдел Изкуство - подръчен фонд 2009-08-28 Отдел Изкуство - подръчен фонд 3.50 250000003929 791.221.2/Б 14 250000003929 3 1.79 Дост: DA Вид: А N: 11 Дата: 28.08.2009 Съставил: Валя_Йорданова Компактдискове
Vip Innovations Ltd, Rousse, Bulgaria 2025